[Event "4NCL-9899A BA2-BR"]
[Site "Rd2-Warwick"]
[Date "1998.10.25"]
[Round "2.7"]
[White "Palliser, Richard"]
[Black "Moskovic, David"]
[Result "1/2-1/2"]
[WhiteElo "2175"]
[BlackElo "2235"]
[PlyCount "118"]
[EventDate "1998.10.25"]

1. d4 Nf6 2. c4 g6 3. Nc3 Bg7 4. e4 d6 5. f4 O-O 6. Nf3 Na6 7. Bd3 Bg4 8. Be3
Nd7 9. O-O e5 10. fxe5 c5 11. d5 Nxe5 12. Be2 Nxf3+ 13. Bxf3 Bxf3 14. Qxf3 Nc7
15. Bf4 Qe7 16. Qg3 Rad8 17. Rae1 Bd4+ 18. Kh1 f6 19. Nd1 Ne8 20. Qd3 Be5 21.
g3 Ng7 22. a3 Qd7 23. b4 b6 24. Kg2 Nh5 25. Bd2 Rf7 26. Nc3 Rdf8 27. Ne2 Ng7
28. Bh6 Rc8 29. bxc5 bxc5 30. Rb1 Re8 31. Bxg7 Kxg7 32. Ng1 h5 33. Nf3 Qg4 34.
Nxe5 Rxe5 35. Rf4 Qd7 36. Rbf1 Qe7 37. h4 Rf8 38. Qf3 Rf7 39. Qd3 Qf8 40. R1f2
f5 41. exf5 Rfxf5 42. Rxf5 gxf5 43. Re2 Qf6 44. Qf3 Kg6 45. Qd3 Qe7 46. Rxe5 {
(Draw offer)} Qxe5 47. Qd2 Qe4+ 48. Kf2 Qd4+ 49. Qxd4 cxd4 50. Ke2 Kf6 51. Kd3
Ke5 52. a4 a5 53. Ke2 Ke4 54. Kd2 d3 55. c5 Kxd5 56. cxd6 Kxd6 57. Kxd3 Kd5 58.
Ke3 Ke5 59. Kf3 Ke6 1/2-1/2

[Event "4NCL-9899A BCM-WG"]
[Site "Rd2-Warwick"]
[Date "1998.10.25"]
[Round "2.1"]
[White "Chandler, Murray"]
[Black "Speelman, Jon"]
[Result "1-0"]
[WhiteElo "2520"]
[BlackElo "2600"]
[PlyCount "153"]
[EventDate "1998.10.25"]

1. b3 d5 2. Bb2 Bg4 3. h3 Bh5 4. c4 e6 5. d3 c5 6. Nd2 Nc6 7. Ngf3 d4 8. a3 a5
9. g4 Bg6 10. Bg2 Bd6 11. Qc2 h6 12. O-O-O Nf6 13. g5 hxg5 14. Nxg5 Nh5 15. h4
Nf4 16. Bxc6+ bxc6 17. Nde4 f6 18. Nf3 a4 19. bxa4 Bf8 20. Kb1 Bh5 21. Ka2 Ng6
22. Rb1 Qa5 23. Bc1 Qxa4 24. Rb8+ Kf7 25. Rb7+ Be7 26. Qxa4 Rxa4 27. Nxc5 Bxf3
28. exf3 Ra5 29. Nb3 Ra6 30. f4 Nxh4 31. Nxd4 Rd8 32. Nc2 Nf5 33. Nb4 Raa8 34.
Rd1 Rac8 35. Be3 Nd6 36. Ra7 c5 37. Na6 Nxc4 38. Bxc5 Nd6 39. Rb1 Ra8 40. Rxa8
Rxa8 41. Rb6 Nf5 42. d4 Rh8 43. Nb4 Rh2 44. Nd3 Bd8 45. Rb7+ Kg6 46. Kb3 Ba5
47. Ra7 Bd2 48. a4 Rh4 49. a5 Bxf4 50. Rd7 Bb8 51. a6 Rh8 52. Kc4 Kg5 53. Kb5
Rh1 54. Kc6 Rb1 55. Rb7 Ra1 56. Nb4 Bf4 57. a7 Bd2 58. Rb8 Be1 59. a8=Q Rxa8
60. Rxa8 Bxf2 61. d5 Bxc5 62. Kxc5 exd5 63. Kxd5 Nh4 64. Nd3 f5 65. Ra1 Kh5 66.
Ke5 g5 67. Nf2 Kg6 68. Ra6+ Kh5 69. Rb6 f4 70. Ke4 Ng2 71. Rb8 Kh4 72. Kf3 Ne1+
73. Ke2 Nc2 74. Rh8+ Kg3 75. Ne4+ Kg4 76. Rg8 Nd4+ 77. Kf2 1-0

[Event "4NCL-9899A BCM-WG"]
[Site "Rd2-Warwick"]
[Date "1998.10.25"]
[Round "2.2"]
[White "Emms, John"]
[Black "Mestel, Jonathan"]
[Result "1-0"]
[WhiteElo "2585"]
[BlackElo "2485"]
[PlyCount "77"]
[EventDate "1998.10.25"]

1. e4 d6 2. d4 g6 3. Nc3 Bg7 4. Nf3 c6 5. Be3 b5 6. Bd3 Nd7 7. Qd2 Bb7 8. O-O
Qc7 9. Rfe1 a6 10. a4 b4 11. Ne2 c5 12. Ng3 Rc8 13. c3 bxc3 14. bxc3 Ngf6 15.
Bh6 O-O 16. Bxg7 Kxg7 17. Qg5 e6 18. e5 Ng8 19. Be4 Bxe4 20. Nxe4 d5 21. Nd6
Rb8 22. Qf4 Nb6 23. h4 Nc4 24. Nxc4 dxc4 25. dxc5 Qxc5 26. Ng5 Qa5 27. Re3 Rb7
28. Rf3 Qd5 29. Re1 Rc7 30. Rb1 Rd7 31. Rb6 Re7 32. Rxe6 Qxf3 33. Qxf3 fxe6 34.
Qc6 Rf5 35. Nxe6+ Kf7 36. Ng5+ Kg7 37. g4 h6 38. Ne6+ Kf7 39. Nd8+ 1-0

[Event "4NCL-9899A BCM-WG"]
[Site "Rd2-Warwick"]
[Date "1998.10.25"]
[Round "2.3"]
[White "Pedersen, Steffen"]
[Black "Ward, Chris"]
[Result "0-1"]
[WhiteElo "2435"]
[BlackElo "2505"]
[PlyCount "84"]
[EventDate "1998.10.25"]

1. d4 Nf6 2. c4 e6 3. Nf3 b6 4. a3 Ba6 5. Qc2 Bb7 6. Nc3 c5 7. dxc5 bxc5 8. Bg5
Be7 9. e3 O-O 10. Be2 d6 11. O-O Nbd7 12. Rfd1 a6 13. h3 Ne8 14. Bxe7 Qxe7 15.
Ne4 Rb8 16. Rd2 f5 17. Ng3 Bxf3 18. Bxf3 Ne5 19. Be2 f4 20. exf4 Rxf4 21. Re1
Qh4 22. b3 Nc6 23. Bg4 e5 24. b4 Nd4 25. Qa4 Nf6 26. bxc5 Nxg4 27. hxg4 dxc5
28. Rxe5 Qxg4 29. Qd1 Qxd1+ 30. Rxd1 Rb2 31. Nh1 Ne2+ 32. Kf1 Rh4 33. Rd8+ Kf7
34. g3 Rxh1+ 35. Kg2 Rg1+ 36. Kh2 Rf1 37. Kg2 Rg1+ 38. Kh2 Rc1 39. Re4 Nd4 40.
Rd7+ Kf6 41. Rd6+ Kg5 42. Rd5+ Nf5 0-1

[Event "4NCL-9899A BCM-WG"]
[Site "Rd2-Warwick"]
[Date "1998.10.25"]
[Round "2.4"]
[White "Levitt, Jon"]
[Black "Friedgood, David"]
[Result "1-0"]
[WhiteElo "2430"]
[BlackElo "2240"]
[PlyCount "63"]
[EventDate "1998.10.25"]

1. d4 Nf6 2. c4 g6 3. Nc3 Bg7 4. e4 d6 5. f3 c6 6. Be3 a6 7. c5 b5 8. cxd6 exd6
9. Bd3 O-O 10. Nge2 Nbd7 11. O-O b4 12. Na4 Qa5 13. b3 Bb7 14. Qd2 c5 15. a3
Bc6 16. Rfc1 Rfb8 17. Nb2 Ne8 18. a4 Qd8 19. Rc2 Qe7 20. Rac1 d5 21. e5 Bb7 22.
f4 cxd4 23. Nxd4 Rc8 24. Rxc8 Rxc8 25. Rxc8 Bxc8 26. Nc6 Qe6 27. Nd4 Qe7 28.
Nc6 Qe6 29. Nxb4 g5 30. Nxd5 gxf4 31. Bxf4 Nxe5 32. Bf5 1-0

[Event "4NCL-9899A BCM-WG"]
[Site "Rd2-Warwick"]
[Date "1998.10.25"]
[Round "2.5"]
[White "Lyell, Mark"]
[Black "Littlewood, Paul"]
[Result "1-0"]
[WhiteElo "2225"]
[BlackElo "2430"]
[PlyCount "99"]
[EventDate "1998.10.25"]

1. e4 e5 2. Nf3 Nc6 3. d4 exd4 4. Nxd4 Bc5 5. Be3 Qf6 6. c3 Nge7 7. Bc4 Ne5 8.
Be2 d6 9. f4 Ng4 10. Bxg4 Qh4+ 11. Bf2 Qxg4 12. Qxg4 Bxg4 13. Nd2 Bd7 14. a4
O-O 15. Nb5 Bxf2+ 16. Kxf2 Bxb5 17. axb5 f5 18. Rhe1 fxe4 19. Rxe4 Nd5 20. Kf3
g5 21. g3 Rf7 22. Rd4 Nb6 23. Ne4 h6 24. h4 gxf4 25. gxf4 Nd7 26. Ng3 Kh7 27.
b4 Ne5+ 28. Kg2 Ng6 29. f5 Ne5 30. Rf4 Nd7 31. Ne4 a6 32. bxa6 Rxa6 33. Rxa6
bxa6 34. Kf3 d5 35. Nc5 Nxc5 36. bxc5 c6 37. h5 a5 38. f6 Kg8 39. Kg4 Rb7 40.
Kf5 Rb3 41. Ke6 Rxc3 42. Kd6 Kf7 43. Kxc6 d4 44. Rxd4 Kxf6 45. Kd6 Kg5 46. c6
a4 47. Rxa4 Rd3+ 48. Kc5 Rd8 49. Rd4 Ra8 50. Rd5+ 1-0

[Event "4NCL-9899A BCM-WG"]
[Site "Rd2-Warwick"]
[Date "1998.10.25"]
[Round "2.6"]
[White "Pein, Malcolm"]
[Black "Anderton, David"]
[Result "1-0"]
[WhiteElo "2425"]
[BlackElo "2205"]
[PlyCount "101"]
[EventDate "1998.10.25"]

1. Nf3 f5 2. d4 Nf6 3. Nc3 g6 4. Bf4 c6 5. e3 Qb6 6. Rb1 Bg7 7. Bd3 d5 8. O-O
O-O 9. Na4 Qd8 10. c4 e6 11. Nc5 b6 12. Nb3 Ne4 13. Rc1 Bb7 14. Be5 Nd7 15.
Bxg7 Kxg7 16. Qe2 a5 17. Nbd2 Qf6 18. Ne1 Kh8 19. f3 Nxd2 20. Qxd2 dxc4 21.
Bxc4 e5 22. Nc2 Rad8 23. Qf2 c5 24. Rfd1 cxd4 25. exd4 e4 26. fxe4 Bxe4 27. Ne3
Nb8 28. d5 Rd6 29. Be2 Rfd8 30. Bf3 Bxf3 31. Qxf3 b5 32. a4 Qxb2 33. Qf4 Na6
34. Rb1 Qc3 35. axb5 Nb4 36. Rbc1 Qf6 37. Rc5 g5 38. Qf3 R6d7 39. h3 Qb6 40.
Rdc1 Nd3 41. Rc6 Qd4 42. R6c4 Qa7 43. R1c3 Ne5 44. Qxf5 Nxc4 45. Qf6+ Kg8 46.
Qxg5+ Kf8 47. Rxc4 Re8 48. Qf6+ Kg8 49. d6 Qb7 50. Rg4+ Rg7 51. Nf5 1-0

[Event "4NCL-9899A BCM-WG"]
[Site "Rd2-Warwick"]
[Date "1998.10.25"]
[Round "2.7"]
[White "Bellin, Jana"]
[Black "Sowray, Peter"]
[Result "0-1"]
[WhiteElo "2170"]
[BlackElo "2320"]
[PlyCount "80"]
[EventDate "1998.10.25"]

1. d4 Nf6 2. c4 g6 3. Nc3 d5 4. Nf3 Bg7 5. Bg5 c5 6. cxd5 Nxd5 7. e4 Nxc3 8.
bxc3 Nc6 9. Bb5 cxd4 10. Bxc6+ bxc6 11. cxd4 c5 12. O-O cxd4 13. Qa4+ Qd7 14.
Qxd7+ Bxd7 15. e5 Bg4 16. Rfe1 Bxf3 17. gxf3 h6 18. Bh4 g5 19. Bg3 f5 20. f4
Kf7 21. Rad1 Rhd8 22. fxg5 hxg5 23. f4 gxf4 24. Bxf4 Ke6 25. Rd2 Rac8 26. Rg2
Bh8 27. Rg6+ Kd5 28. Ra6 Rd7 29. Ra5+ Rc5 30. e6 Rb7 31. Ra6 Bf6 32. h4 Bxh4
33. Re5+ Kc4 34. Ra4+ Rb4 35. Rxa7 Rxe5 36. Bxe5 Kd5 37. Bg7 Kxe6 38. Ra5 d3
39. Bc3 Rc4 40. Bb2 d2 0-1

[Event "4NCL-9899A BCM-WG"]
[Site "Rd2-Warwick"]
[Date "1998.10.25"]
[Round "2.8"]
[White "Jackson, Sheila"]
[Black "Edwards, Ray"]
[Result "1/2-1/2"]
[WhiteElo "2165"]
[BlackElo "2064"]
[PlyCount "86"]
[EventDate "1998.10.25"]

1. e4 c6 2. d4 d5 3. Nd2 dxe4 4. Nxe4 Nd7 5. Bc4 Ndf6 6. Ng5 e6 7. N1f3 h6 8.
Nh3 Bd6 9. Nf4 Ne7 10. Qe2 O-O 11. O-O b6 12. Re1 c5 13. dxc5 bxc5 14. Ne5 Ned5
15. c3 Qc7 16. Nh5 Bxe5 17. Qxe5 Qxe5 18. Rxe5 Nxh5 19. Rxh5 Rd8 20. Be2 f5 21.
Rh3 Bb7 22. f4 Nf6 23. Be3 Ne4 24. g4 Bd5 25. gxf5 exf5 26. c4 Be6 27. b3 a5
28. Rd1 Rxd1+ 29. Bxd1 a4 30. bxa4 Bxc4 31. Bb3 Bxb3 32. axb3 c4 33. bxc4 Rxa4
34. Rh5 Rxc4 35. Rxf5 Nf6 36. Rc5 Re4 37. Re5 Rxe5 38. fxe5 Ne8 39. Kf2 Kf7 40.
Kf3 Ke6 41. Ke4 Nc7 42. h4 h5 43. Bc5 g6 1/2-1/2

[Event "4NCL-9899A BIG-SL"]
[Site "Rd2-Warwick"]
[Date "1998.10.25"]
[Round "2.1"]
[White "Rowson, Jonathan"]
[Black "Lalic, Bogdan"]
[Result "1/2-1/2"]
[WhiteElo "2495"]
[BlackElo "2560"]
[PlyCount "69"]
[EventDate "1998.10.25"]

1. e4 c6 2. d4 d5 3. Nc3 dxe4 4. Nxe4 Bf5 5. Ng3 Bg6 6. Nf3 Nf6 7. Ne5 Nbd7 8.
f4 e6 9. Bc4 Nxe5 10. fxe5 Nd7 11. O-O Be7 12. Be3 Qb6 13. Qe2 O-O 14. c3 c5
15. Rad1 Rad8 16. Bf2 Qc7 17. Bb3 cxd4 18. cxd4 Nb6 19. Rc1 Qb8 20. Ne4 Nd5 21.
h4 h6 22. Bg3 Nb4 23. Rcd1 Bxe4 24. Qxe4 Qc7 25. Rc1 Qd7 26. Rfd1 Rc8 27. a3
Rxc1 28. Rxc1 Nd5 29. Kh2 Bd8 30. Rf1 Bb6 31. Rf3 Bc7 {(Draw offer)} 32. Kh1 f5
33. exf6 Bxg3 34. Rxg3 Rxf6 35. Qe5 1/2-1/2

[Event "4NCL-9899A BIG-SL"]
[Site "Rd2-Warwick"]
[Date "1998.10.25"]
[Round "2.2"]
[White "Gurevich, Mikhail"]
[Black "Parker, Jonathan"]
[Result "1-0"]
[WhiteElo "2610"]
[BlackElo "2515"]
[PlyCount "87"]
[EventDate "1998.10.25"]

1. d4 d5 2. c4 e6 3. Nc3 Nf6 4. Nf3 Nbd7 5. cxd5 exd5 6. Bf4 c6 7. e3 Nh5 8.
Bd3 Nxf4 9. exf4 Qe7+ 10. Kf1 Nb6 11. Qd2 Qf6 12. Re1+ Kd8 13. h4 Bd6 14. g3
Bd7 15. Kg2 Kc7 16. Qc2 Raf8 17. Nb5+ Kb8 18. Nxd6 Qxd6 19. Ne5 Be8 20. b3 Nc8
21. Re3 f6 22. Nf3 g6 23. Rhe1 Bf7 24. f5 Rhg8 25. Qc5 Re8 26. Rxe8 Rxe8 27.
Rxe8 Bxe8 28. Qc1 gxf5 29. Qh6 Bd7 30. Qxh7 f4 31. gxf4 Ne7 32. Kg3 Qe6 33. f5
Qd6+ 34. Kg4 c5 35. dxc5 Qxc5 36. Qh8+ Nc8 37. Qxf6 Qxf2 38. Qe5+ Ka8 39. h5 d4
40. Qe2 Bxf5+ 41. Kxf5 Qg3 42. h6 Qh3+ 43. Kg6 Qg4+ 44. Ng5 1-0

[Event "4NCL-9899A BIG-SL"]
[Site "Rd2-Warwick"]
[Date "1998.10.25"]
[Round "2.3"]
[White "Arkell, Keith"]
[Black "Hebden, Mark"]
[Result "1/2-1/2"]
[WhiteElo "2475"]
[BlackElo "2590"]
[PlyCount "82"]
[EventDate "1998.10.25"]

1. d4 Nf6 2. Nf3 g6 3. c4 Bg7 4. g3 O-O 5. Bg2 d6 6. O-O Nc6 7. Nc3 Rb8 8. h3
a6 9. e4 b5 10. cxb5 axb5 11. e5 Nd7 12. Ng5 Nxd4 13. Qxd4 Nxe5 14. Qh4 h6 15.
Nf3 Nxf3+ 16. Bxf3 e6 17. Qxd8 Rxd8 18. a4 bxa4 19. Rxa4 c5 20. Rd1 d5 21. h4
Bd7 22. Ra5 Rdc8 23. Nxd5 exd5 24. Bxd5 Bg4 25. Re1 Rd8 26. Rxc5 Bf8 27. Rc4 h5
28. f3 Bf5 29. Be4 Be6 30. Rc2 Bb4 31. Rf1 f5 32. Rc6 Bf7 33. Bb1 Rd7 34. Bf4
Rb5 35. Kg2 Bf8 36. Rf2 Bg7 37. Rc8+ Kh7 38. Rcc2 Rdb7 39. Rcd2 Rxb2 40. Rxb2
Bxb2 41. Bd3 Bd4 1/2-1/2

[Event "4NCL-9899A BIG-SL"]
[Site "Rd2-Warwick"]
[Date "1998.10.25"]
[Round "2.6"]
[White "Winants, Luc"]
[Black "Ferguson, Mark"]
[Result "1-0"]
[WhiteElo "2450"]
[BlackElo "2410"]
[PlyCount "57"]
[EventDate "1998.10.25"]

1. e4 e5 2. Nf3 Nc6 3. Bc4 Nf6 4. Ng5 d5 5. exd5 Nd4 6. c3 b5 7. Bf1 Nxd5 8.
cxd4 Qxg5 9. Bxb5+ Kd8 10. O-O Bb7 11. Qf3 exd4 12. d3 Nf4 13. Bxf4 Qxb5 14.
Qg3 c5 15. Na3 Qd7 16. Nc4 f6 17. h4 h5 18. f3 Bd5 19. Rfe1 Bxc4 20. dxc4 Qf7
21. Re4 Rc8 22. Qe1 Rc6 23. Qa5+ Rb6 24. Rae1 Qb7 25. Re8+ Kd7 26. Qa4+ Qc6 27.
Qxa7+ Qb7 28. Qa4+ Qc6 29. Qc2 1-0

[Event "4NCL-9899A BIG-SL"]
[Site "Rd2-Warwick"]
[Date "1998.10.25"]
[Round "2.7"]
[White "Baker, Chris W"]
[Black "McNab, Colin"]
[Result "0-1"]
[WhiteElo "2390"]
[BlackElo "2445"]
[PlyCount "124"]
[EventDate "1998.10.25"]

1. e4 g6 2. d4 d6 3. Nc3 c6 4. a4 Bg7 5. g3 b6 6. Bg2 Bb7 7. Nge2 Nd7 8. O-O
Ngf6 9. h3 O-O 10. Be3 e5 11. Qd2 Qe7 12. Rfe1 a6 13. Rad1 Rfc8 14. Bg5 Qf8 15.
dxe5 dxe5 16. Qd6 h6 17. Be3 Qxd6 18. Rxd6 Bf8 19. Rd2 b5 20. Nc1 b4 21. N3a2
c5 22. f3 c4 23. b3 a5 24. Bf1 Ba6 25. Red1 Nc5 26. Kg2 Ncxe4 27. fxe4 Nxe4 28.
Rd5 cxb3 29. cxb3 Rc2+ 30. Kf3 Nf6 31. R5d2 Bb7+ 32. Ke2 Rc7 33. Rd8 Rcc8 34.
Bb6 Ne4 35. g4 Kg7 36. Ke3 Bc5+ 37. Bxc5 Rxd8 38. Rxd8 Rxd8 39. Bb6 Rd1 40. Bd3
f5 41. gxf5 gxf5 42. Bxa5 f4+ 43. Ke2 Rh1 44. Bxe4 Bxe4 45. Bxb4 Rh2+ 46. Ke1
Kf6 47. Bc5 Bf3 48. Nb4 Kf5 49. Ncd3 e4 50. Nxf4 Rh1+ 51. Kf2 Kxf4 52. Be3+ Kf5
53. a5 Rh2+ 54. Kg3 Rg2+ 55. Kh4 Re2 56. Bxh6 e3 57. a6 Ba8 58. a7 Ke4 59. Kg3
Re1 60. Nc2 Rg1+ 61. Kh2 Rg6 62. Bf8 Rf6 0-1

[Event "4NCL-9899A BIG-SL"]
[Site "Rd2-Warwick"]
[Date "1998.10.25"]
[Round "2.8"]
[White "Houska, Jovanka"]
[Black "Hunt, Harriet"]
[Result "0-1"]
[WhiteElo "2190"]
[BlackElo "2400"]
[PlyCount "80"]
[EventDate "1998.10.25"]

1. e4 c6 2. d4 d5 3. e5 c5 4. c3 Nc6 5. Be3 Qb6 6. Qd2 cxd4 7. cxd4 Bf5 8. Nc3
e6 9. Nf3 Nge7 10. Be2 Bg4 11. O-O Nf5 12. Rfd1 Be7 13. Na4 Qd8 14. a3 Bxf3 15.
Bxf3 Na5 16. Qd3 O-O 17. Nc3 Nc4 18. Bc1 g6 19. Bg4 Ng7 20. Be2 Rc8 21. Rb1 a6
22. Bh6 Rc6 23. Na2 Qb6 24. Qf3 Rfc8 25. b4 Nf5 26. Be3 Nxa3 27. Rb3 Nb5 28.
Rbd3 Rc2 29. Nc1 Nxe3 30. Qxe3 Nc3 31. Qh6 Bf8 32. Qh4 Rxc1 33. Rh3 Nxe2+ 34.
Kf1 Rxd1+ 35. Kxe2 Qb5+ 36. Kxd1 Qf1+ 37. Kd2 Bxb4+ 38. Ke3 Rc3+ 39. Kf4 Rxh3
40. Qxh3 Qxf2+ 0-1

[Event "4NCL-9899A HH-RIC"]
[Site "Rd2-Warwick"]
[Date "1998.10.25"]
[Round "2.1"]
[White "Hodgson, Julian"]
[Black "Bates, Richard"]
[Result "1-0"]
[WhiteElo "2575"]
[BlackElo "2395"]
[PlyCount "59"]
[EventDate "1998.10.25"]

1. d4 e6 2. Nf3 Nf6 3. g3 b6 4. Bg2 Bb7 5. c4 Be7 6. O-O O-O 7. d5 exd5 8. Nh4
c6 9. cxd5 Nxd5 10. Nf5 Nf6 11. e4 d5 12. Nc3 dxe4 13. Bf4 Nd5 14. Qg4 g6 15.
Rad1 h5 16. Nxe7+ Qxe7 17. Qg5 Qxg5 18. Bxg5 Nxc3 19. bxc3 c5 20. Bf6 Na6 21.
Rd7 Bc6 22. Rd6 Rac8 23. Bh3 Rc7 24. Rfd1 Bb5 25. g4 Be2 26. Re1 Bxg4 27. Bxg4
hxg4 28. Rxe4 Nb8 29. Rxg4 Nd7 30. Rxd7 1-0

[Event "4NCL-9899A HH-RIC"]
[Site "Rd2-Warwick"]
[Date "1998.10.25"]
[Round "2.2"]
[White "Wall, Gavin"]
[Black "Norwood, David"]
[Result "1-0"]
[WhiteElo "2355"]
[BlackElo "2535"]
[PlyCount "83"]
[EventDate "1998.10.25"]

1. e4 g6 2. d4 Bg7 3. h4 c5 4. dxc5 Qa5+ 5. c3 Qxc5 6. Be3 Qc7 7. h5 Nc6 8. Na3
d6 9. h6 Bf8 10. Ne2 e5 11. c4 Nf6 12. f3 Be7 13. Nc3 O-O 14. Rc1 Qd8 15. g4
Ne8 16. Qd2 f5 17. gxf5 gxf5 18. Kd1 Kh8 19. Kc2 fxe4 20. fxe4 Nf6 21. Be2 Nxe4
22. Nxe4 Bf5 23. Bf3 Bg6 24. Bg2 d5 25. cxd5 Nb4+ 26. Kb1 Qxd5 27. Qxd5 Nxd5
28. Rce1 Bb4 29. Nc2 Bxe1 30. Rxe1 Nxe3 31. Rxe3 Rac8 32. Re2 Rf4 33. Nc3 Bd3
34. Rd2 e4 35. Kc1 Rg4 36. Ne1 b5 37. Bh3 Rxc3+ 38. bxc3 Rh4 39. Nxd3 Rxh3 40.
Ne5 Rxc3+ 41. Kb2 Rc8 42. Rd7 1-0

[Event "4NCL-9899A HH-RIC"]
[Site "Rd2-Warwick"]
[Date "1998.10.25"]
[Round "2.3"]
[White "Hennigan, Michael"]
[Black "Quinn, Mark"]
[Result "1/2-1/2"]
[WhiteElo "2430"]
[BlackElo "2350"]
[PlyCount "45"]
[EventDate "1998.10.25"]

1. Nf3 f5 2. g3 Nf6 3. Bg2 g6 4. O-O Bg7 5. c4 O-O 6. Nc3 d6 7. d3 Nc6 8. Rb1
e5 9. b4 a6 10. a4 a5 11. b5 Nb4 12. Qb3 Kh8 13. Ba3 c5 14. bxc6 bxc6 15. Bxb4
axb4 16. Qxb4 e4 17. Ne1 d5 18. cxd5 Nxd5 19. Nxd5 cxd5 20. Nc2 Bd7 21. Ne3
Bxa4 22. Rfc1 Rf7 23. Qb6 1/2-1/2

[Event "4NCL-9899A HH-RIC"]
[Site "Rd2-Warwick"]
[Date "1998.10.25"]
[Round "2.4"]
[White "Williams, Simon"]
[Black "Mortazavi, Ali"]
[Result "1-0"]
[WhiteElo "2335"]
[BlackElo "2380"]
[PlyCount "75"]
[EventDate "1998.10.25"]

1. c4 g6 2. Nc3 Bg7 3. g3 e5 4. e4 Nc6 5. Bg2 d6 6. d3 h5 7. Nf3 Bg4 8. h3 Bxf3
9. Qxf3 h4 10. Ne2 Qf6 11. Qxf6 Nxf6 12. Bg5 hxg3 13. fxg3 Nd7 14. O-O Nc5 15.
Nc3 Ne6 16. Bf6 Bxf6 17. Rxf6 Nb4 18. h4 Ke7 19. Raf1 Raf8 20. a3 Nxd3 21. Nd5+
Ke8 22. Rd1 Ndc5 23. b4 Nd7 24. Nxc7+ Ke7 25. Nd5+ Kd8 26. Rf2 Nd4 27. Bh3 Nb6
28. Ne3 Na4 29. Rf6 Nc3 30. Rdf1 Ke7 31. c5 dxc5 32. bxc5 Nf5 33. R1xf5 gxf5
34. Rd6 Ne2+ 35. Kf2 Nd4 36. Nd5+ Ke8 37. Bxf5 f6 38. Bg6+ 1-0

[Event "4NCL-9899A HH-RIC"]
[Site "Rd2-Warwick"]
[Date "1998.10.25"]
[Round "2.5"]
[White "Tozer, Richard"]
[Black "Phillips, Roy"]
[Result "1-0"]
[WhiteElo "2305"]
[BlackElo "2245"]
[PlyCount "137"]
[EventDate "1998.10.25"]

1. d4 g6 2. c4 Bg7 3. e4 d6 4. Nc3 Nf6 5. Be2 O-O 6. Bg5 Nbd7 7. Qd2 c5 8. d5
b5 9. cxb5 a6 10. Nf3 axb5 11. Bxb5 Ba6 12. Bxa6 Rxa6 13. O-O Qb6 14. Rfe1 Rb8
15. Rab1 Qb7 16. h3 Rb6 17. b3 Rb4 18. Bh6 Bh8 19. Qd3 Ne8 20. Rbc1 Ne5 21.
Nxe5 Bxe5 22. Ne2 Qa7 23. Bd2 R4b6 24. Rc2 Ra6 25. a4 Qb6 26. Nc1 Nf6 27. Bc3
Nd7 28. Kf1 Ra7 29. Ree2 Bf4 30. Bd2 Ne5 31. Qc3 Bxd2 32. Rcxd2 f6 33. f4 Nf7
34. Rc2 Qa6 35. Qc4 Rb4 36. Qxa6 Rxa6 37. g3 g5 38. Kf2 h5 39. Kf3 Kf8 40. Red2
Ra8 41. Rc3 Rab8 42. Rc4 Rxc4 43. bxc4 h4 44. gxh4 gxf4 45. Nd3 Ra8 46. Ra2
Ne5+ 47. Nxe5 fxe5 48. a5 Kg7 49. a6 Kh6 50. Kg4 Ra7 51. Ra3 Kg6 52. h5+ Kf6
53. h4 Ra8 54. a7 Rg8+ 55. Kh3 Ra8 56. Ra6 Kf7 57. Kg4 Kf6 58. Ra1 Rg8+ 59. Kf3
Ra8 60. Ra3 Kg7 61. Kg4 Kf6 62. h6 Kg6 63. h7 Kxh7 64. Kf5 Kh6 65. Ke6 Kh5 66.
Kxe7 Kxh4 67. Kxd6 Kg4 68. Kxc5 f3 69. Kb6 1-0

[Event "4NCL-9899A HH-RIC"]
[Site "Rd2-Warwick"]
[Date "1998.10.25"]
[Round "2.7"]
[White "Black, Richard"]
[Black "Franklin, Michael"]
[Result "1/2-1/2"]
[WhiteElo "2235"]
[BlackElo "2240"]
[PlyCount "90"]
[EventDate "1998.10.25"]

1. e4 c5 2. Nf3 a6 3. d4 cxd4 4. Nxd4 Nf6 5. Nc3 e5 6. Nf3 Bb4 7. Bd3 d6 8. O-O
Nbd7 9. Qe2 O-O 10. Rd1 Qe7 11. Bg5 Bxc3 12. bxc3 Nc5 13. Rab1 Be6 14. c4 Rac8
15. Re1 h6 16. Bd2 Bg4 17. h3 Bh5 18. Qe3 Bg6 19. Nh4 Bxe4 20. Nf5 Bxf5 21.
Bxf5 Ne6 22. f4 Rxc4 23. fxe5 dxe5 24. Qxe5 Rd8 25. Ba5 Rd5 26. Qb8+ Qf8 27.
Qxf8+ Nxf8 28. Bd3 Ra4 29. Bc3 b5 30. Rbd1 N8d7 31. Re7 Rxa2 32. Rde1 Ra4 33.
R1e3 Kf8 34. Bxf6 Nxf6 35. Ra7 Rad4 36. Rxa6 b4 37. Bc4 Rd8 38. Bb3 R4d6 39.
Ra7 R6d7 40. Ra5 Rb8 41. Kf1 g6 42. Ke2 Kg7 43. Rae5 Rbb7 44. Rd3 Rdc7 45. Rd4
h5 1/2-1/2

[Event "4NCL-9899A IK1-BA1"]
[Site "Rd2-Warwick"]
[Date "1998.10.25"]
[Round "2.3"]
[White "Gormally, Danny"]
[Black "Pritchett, Craig"]
[Result "1-0"]
[WhiteElo "2400"]
[BlackElo "2355"]
[PlyCount "73"]
[EventDate "1998.10.25"]

1. d4 Nf6 2. Nf3 e6 3. c4 c5 4. d5 exd5 5. cxd5 d6 6. Nc3 a6 7. a4 g6 8. e4 Bg4
9. Be2 Bxf3 10. Bxf3 Nbd7 11. O-O Bg7 12. Re1 O-O 13. Bf4 Ne8 14. a5 Rb8 15.
Qc2 Ne5 16. Be2 Nc7 17. Bg3 h5 18. f4 h4 19. Bf2 Nd7 20. e5 dxe5 21. f5 Ne8 22.
fxg6 Nd6 23. gxf7+ Rxf7 24. Bg4 Rf4 25. Be6+ Kh8 26. Qg6 Nf8 27. Qh5+ Nh7 28.
Bxc5 Qc7 29. Bxd6 Qxd6 30. Ne4 Qd8 31. Bf5 Rxf5 32. Qxf5 Qxd5 33. Qh5 Qd4+ 34.
Kh1 Kg8 35. Rad1 Qxb2 36. Rd7 Rf8 37. Qg6 1-0

[Event "4NCL-9899A IK1-BA1"]
[Site "Rd2-Warwick"]
[Date "1998.10.25"]
[Round "2.5"]
[White "Bibby, Simon"]
[Black "Rogers, Jonathan"]
[Result "0-1"]
[WhiteElo "2210"]
[BlackElo "2355"]
[PlyCount "120"]
[EventDate "1998.10.25"]

1. e4 g6 2. d4 Bg7 3. Nc3 d5 4. exd5 Nf6 5. Bc4 Nbd7 6. Qf3 Nb6 7. Bb3 Bg4 8.
Qg3 Bf5 9. Nge2 Nbxd5 10. Nxd5 Nxd5 11. O-O O-O 12. Qh4 Nf6 13. Ng3 Bc8 14. c3
b6 15. Ne4 Nxe4 16. Qxe4 Bf5 17. Qh4 Bf6 18. Bg5 Bxg5 19. Qxg5 e5 20. Qxd8
Raxd8 21. d5 Bd3 22. Rfd1 e4 23. c4 f5 24. c5 Kg7 25. Rac1 Rc8 26. Ba4 b5 27.
Rxd3 exd3 28. Bxb5 d2 29. Rd1 Rb8 30. a4 a6 31. Bxa6 Rxb2 32. Bb5 Rc2 33. Kf1
Rxc5 34. Rxd2 Rd8 35. g3 Rdxd5 36. Re2 Kf6 37. Kg2 Rd4 38. Ra2 c6 39. Be2 Ra5
40. Bf3 Raxa4 41. Rxa4 Rxa4 42. Bxc6 Rc4 43. Bd5 Rd4 44. Bc6 g5 45. h3 Ke5 46.
Be8 Rd2 47. Kf3 Rb2 48. Bf7 h6 49. Bg6 Rb3+ 50. Kg2 f4 51. gxf4+ gxf4 52. h4
Kf6 53. Bh5 Kf5 54. Bd1 Rc3 55. Bf3 Rc7 56. Kh3 Rg7 57. h5 Rg5 58. Kh2 Ke5 59.
Kh3 Kd4 60. Bg4 Kd3 0-1

[Event "4NCL-9899A IK1-BA1"]
[Site "Rd2-Warwick"]
[Date "1998.10.25"]
[Round "2.6"]
[White "Hansen, Carsten"]
[Black "Alfred, Nathan"]
[Result "1-0"]
[WhiteElo "2310"]
[BlackElo "2235"]
[PlyCount "93"]
[EventDate "1998.10.25"]

1. d4 Nf6 2. c4 g6 3. Nc3 Bg7 4. Bg5 d6 5. Nf3 h6 6. Bh4 O-O 7. e3 Nbd7 8. Qc2
a6 9. Rd1 c6 10. Be2 Rb8 11. O-O b5 12. a3 bxc4 13. Bxc4 d5 14. Ba2 Nb6 15. Ne5
Bf5 16. Qe2 Qc8 17. Rc1 Qb7 18. b4 Rfe8 19. Nb1 Rbc8 20. Nd2 Nbd7 21. Bxf6 Bxf6
22. e4 Bxe5 23. dxe5 Be6 24. f4 Nf8 25. f5 Bd7 26. e6 fxe6 27. fxg6 Nxg6 28.
Qh5 Kg7 29. exd5 cxd5 30. Bb1 Qb6+ 31. Rc5 e5 32. Bxg6 Qxg6 33. Qxe5+ Kh7 34.
Rxc8 Bxc8 35. Qxd5 Be6 36. Qe4 Rd8 37. Qxg6+ Kxg6 38. Re1 Kf7 39. Ne4 Rd3 40.
Nc5 Rd6 41. Rxe6 Rxe6 42. Nxe6 Kxe6 43. g4 Kd5 44. h4 Ke4 45. g5 hxg5 46. h5
Kf5 47. a4 1-0

[Event "4NCL-9899A IK1-BA1"]
[Site "Rd2-Warwick"]
[Date "1998.10.25"]
[Round "2.7"]
[White "Flear, Christine"]
[Black "Haslinger, Stewart"]
[Result "0-1"]
[WhiteElo "2230"]
[BlackElo "2225"]
[PlyCount "80"]
[EventDate "1998.10.25"]

1. d4 d5 2. c4 e6 3. g3 Nf6 4. Bg2 Be7 5. Nf3 O-O 6. O-O dxc4 7. Qc2 a6 8. Qxc4
b5 9. Qc2 Bb7 10. Bf4 Nc6 11. Rd1 Nb4 12. Qc1 Rc8 13. Nc3 Nbd5 14. Nxd5 Nxd5
15. e4 Nxf4 16. Qxf4 Qd6 17. Ne5 f6 18. Nd3 Qxd4 19. Rac1 Qb6 20. b4 e5 21. Qg4
Rcd8 22. Nc5 Bc8 23. Qf3 Rxd1+ 24. Qxd1 Rd8 25. Qb3+ Kf8 26. h4 Rd4 27. Kh2
Bxc5 28. Rxc5 Be6 29. Qf3 Kg8 30. a3 Rc4 31. Rd5 Bxd5 32. exd5 Qd6 33. Qf5 g6
34. Qc8+ Kg7 35. h5 Rc3 36. Qg4 f5 37. Qg5 Rxa3 38. hxg6 hxg6 39. Bh3 Ra2 40.
Kg1 Qxb4 0-1